| 000 | 00409nam a2200157Ia 4500 | ||
|---|---|---|---|
| 008 | 151213s9999 xx 000 0 und d | ||
| 020 | _a1-85573-976-3 | ||
| 100 | _aR.Jeffries | ||
| 245 |
_aA Merrow Monograph Bi-component Fibers _cR.Jeffries |
||
| 260 |
_aEngland _bWoodhead Publication Ltd. _c2004 |
||
| 300 | _a7406 p. | ||
| 650 | _aTextiles | ||
| 650 | _aTextiles | ||
| 700 | _aR.Jeffries | ||
| 999 |
_c3944 _d3944 |
||